[Event "Remote Pyramide email"]
[Site "Remote email"]
[Date "2012.10.22"]
[Round "?"]
[White "Markus, Roland"]
[Black "Penzler, Frank"]
[Result "1/2-1/2"]
[WhiteElo "2440"]
[BlackElo "2490"]
[PlyCount "89"]
[EventDate "2012.??.??"]
[EventType "tourn (corr)"]
[EventRounds "6"]
[EventCountry "GER"]
[SourceTitle "Corr 2015"]
[Source "ChessBase"]
[SourceDate "2015.07.17"]
[SourceVersion "1"]
[SourceVersionDate "2015.07.17"]
[SourceQuality "1"]

1. e4 Nf6 2. e5 Nd5 3. d4 d6 4. c4 Nb6 5. exd6 exd6 6. Nc3 Nc6 7. Nf3 Be7 8. Bd3 Bg4 9. Be3 Bf6 10. Be2 0-0 11. b3 d5 12. c5 Nc8 13. h3 Be6 14. 0-0 N8e7 15. Qd2 a6 16. Bd3 Bf5 17. Rfe1 h6 18. Rad1 Re8 19. Bf4 Bxd3 20. Qxd3 Qd7 21. Bg3 Ng6 22. Re3 Rxe3 23. fxe3 Re8 24. Re1 Nb4 25. Qd2 Nc6 26. a3 Nge7 27. b4 Nf5 28. Bf2 Nfe7 29. Qd3 Nf5 30. Rb1 Bg5 31. Nxg5 hxg5 32. Re1 Nfe7 33. b5 axb5 34. Qxb5 Rb8 35. a4 g4 36. hxg4 Qxg4 37. e4 dxe4 38. Rxe4 Qg5 39. Qe2 Qc1+ 40. Qe1 Qxe1+ 41. Rxe1 Rd8 42. Rd1 Nd5 43. Nxd5 Rxd5 44. Kf1 Nd8 45. Ke2 1/2-1/2